000 00296nam a2200085Ia 4500
245 0 _aUp in arms pursuing accountability for the arms deal in Parliament
100 _a Taljaard, Raenette, Auckland Park, [South Africa], 2012
_956072
942 _cBK
008 210817s9999 xx 000 0 und d
999 _c323937
_d323936